000 01288nam a2200349 a 4500
001 ebr10500234
003 CaPaEBR
006 m u
007 cr cn|||||||||
008 111025s2011 xnaa sb 001 0 eng d
020 _z9781921507465
020 _z9781921507472 (e-book)
040 _aCaPaEBR
_cCaPaEBR
035 _a(OCoLC)722429352
043 _au-at---
050 1 4 _aHD9000.5
_b.G56 2011eb
245 0 0 _aGlobal food crisis
_h[electronic resource] /
_cedited by Justin Healey.
260 _aThirroul, N.S.W. :
_bSpinney Press,
_c2011.
300 _a60 p. :
_bcol. ill.
490 1 _aIssues in society ;
_vv. 327
504 _aIncludes bibliographical references and index.
533 _aElectronic reproduction.
_bPalo Alto, Calif. :
_cebrary,
_d2011.
_nAvailable via World Wide Web.
_nAccess may be limited to ebrary affiliated libraries.
650 0 _aFood supply.
650 0 _aHunger.
650 0 _aFood security.
650 0 _aFood security
_zAustralia.
655 7 _aElectronic books.
_2local
700 1 _aHealey, Justin.
710 2 _aebrary, Inc.
830 0 _aIssues in society (Balmain, N.S.W.) ;
_vv. 327.
856 4 0 _uhttp://site.ebrary.com/lib/rucke/Doc?id=10500234
_zAn electronic book accessible through the World Wide Web; click to view
999 _c241772
_d241772